| 000 -LEADER |
| fixed length control field |
00479nam a2200205Ia 4500 |
| 001 - CONTROL NUMBER |
| control field |
13588 |
| 003 - CONTROL NUMBER IDENTIFIER |
| control field |
GE_BSU |
| 008 - FIXED-LENGTH DATA ELEMENTS--GENERAL INFORMATION |
| fixed length control field |
181216s||||||||xx |||||||||||||| ||und|| |
| 040 ## - CATALOGING SOURCE |
| Transcribing agency |
GE_BSU |
| 050 ## - LIBRARY OF CONGRESS CALL NUMBER |
| Classification number |
0706419642 |
| 080 ## - UNIVERSAL DECIMAL CLASSIFICATION NUMBER |
| Universal Decimal Classification number |
821.111-311.6 |
| 100 ## - MAIN ENTRY--PERSONAL NAME |
| Personal name |
Maclean,Alistair |
| 245 ## - TITLE STATEMENT |
| Title |
Call to Arms.Sir Arthur Conan Doyle,David Niven |
| 260 ## - PUBLICATION, DISTRIBUTION, ETC. |
| Place of publication, distribution, etc. |
London |
| 260 ## - PUBLICATION, DISTRIBUTION, ETC. |
| Name of publisher, distributor, etc. |
Octopus Books Limited |
| 260 ## - PUBLICATION, DISTRIBUTION, ETC. |
| Date of publication, distribution, etc. |
1983 |
| 300 ## - PHYSICAL DESCRIPTION |
| Extent |
343p.24cm. |
| 653 ## - INDEX TERM--UNCONTROLLED |
| Uncontrolled term |
Call to Arms |
| 942 ## - ADDED ENTRY ELEMENTS (KOHA) |
| Koha item type |
წიგნი |